Statistics for Songs with Names in the Title #1

Click here to take the quiz!

General Stats

  • This quiz has been taken 40,188 times
    (29,677 since last reset)
  • The average score is 12 of 22

Answer Stats

ArtistSong% Correct
The BeatlesHey {Jude}
89%
Little RichardGood Golly Miss {Molly}
85%
The Rolling StonesJumpin' {Jack} Flash
79%
Neil DiamondSweet {Caroline}
77%
The Beatles{Eleanor} Rigby
74%
Wilson PickettMustang {Sally}
71%
TraditionalSkip to my {Lou}
65%
Ray Charles{Georgia} on My Mind
62%
Plain White T'sHey There {Delilah}
57%
Australian TraditionalWaltzing {Matilda}
56%
Fountains of Wayne{Stacy}'s Mom
56%
Janis JoplinMe and {Bobby} McGee
55%
Bobby Darin{Mack} the Knife
54%
Beach BoysHelp Me, {Rhonda}
51%
Aerosmith{Janie}'s Got a Gun
46%
The KnackMy {Sharona}
44%
Tommy Tutone867-5309/{Jenny}
43%
Jimi HendrixThe Wind Cries {Mary}
39%
Paul SimonMe and {Julio} Down by
the Schoolyard
37%
The BeatlesLovely {Rita}
31%
Arlo Guthrie{Alice}'s Restaurant
28%
The BeatlesSexy {Sadie}
24%

Score Distribution

Percentile by Number Answered

Percent of People with Each Score

Your Score History

You have not taken this quiz since the last reset